Święci Cesarze Rzymscy (800 - 1806) - Statystyki

Ogólne statystyki
  • Ten quiz został rozwiązany 254 razy
  • Średni wynik to 20 z 45
Statystyki odpowiedzi
Dynastia Lata panowania Cesarz % Poprawnych
Karolingowie i inne rody 800 - 814 Karol I Wielki
93%
Ludolfingowie 973 - 983 Otton II
82%
Ludolfingowie 996 - 1002 Otton III
81%
Dynastia Salicka 1046 - 1056 Henryk III
67%
Dynastia Salicka 1084 - 1105 Henryk IV
66%
Luksemburgowie 1355 - 1378 Karol IV
65%
Dynastia Salicka 1111 - 1125 Henryk V
63%
Habsburgowie 1519 - 1556 Karol V
61%
Hohenstaufowie 1220 - 1250 Fryderyk II
60%
Hohenstaufowie 1191 - 1197 Henryk VI
57%
Ludolfingowie 962 - 973 Otton I Wielki
55%
Luksemburgowie 1433 - 1437 Zygmunt
53%
Hohenstaufowie 1155 - 1190 Fryderyk I Barbarossa
52%
Habsburgowie 1508 - 1519 Maksymilian I
52%
Habsburgowie 1711 - 1740 Karol VI
51%
Karolingowie i inne rody 855 - 875 Ludwik II
51%
Luksemburgowie 1312 - 1313 Henryk VII
49%
Karolingowie i inne rody 840 - 855 Lotar I
49%
Habsburgowie 1452 - 1493 Fryderyk III
48%
Dynastia habsbursko-lotaryńska 1792 - 1806 Franciszek II
47%
Habsburgowie 1705 - 1711 Józef I
47%
Habsburgowie 1564 - 1576 Maksymilian II
46%
Karolingowie i inne rody 814 - 840 Ludwik I Pobożny
45%
Dynastia habsbursko-lotaryńska 1765 - 1790 Józef II
44%
Welfowie 1209 - 1215 Otto IV
42%
Karolingowie i inne rody 875 - 877 Karol II Łysy
41%
Süpplinburgowie 1133 - 1137 Lotar III
40%
Habsburgowie 1558 - 1564 Ferdynand I
39%
Habsburgowie 1619 - 1637 Ferdynand II
39%
Dynastia Salicka 1027 - 1039 Konrad II
39%
Habsburgowie 1637 - 1657 Ferdynand III
38%
Habsburgowie 1576 - 1612 Rudolf II
35%
Habsburgowie 1658 - 1705 Leopold I
33%
Karolingowie i inne rody 881 - 888 Karol III Gruby
32%
Habsburgowie 1612 - 1619 Maciej
32%
Dynastia habsbursko-lotaryńska 1790 - 1792 Leopold II
30%
Ludolfingowie 1014 - 1024 Henryk II Święty
26%
Dynastia habsbursko-lotaryńska 1745 - 1765 Franciszek I Lotaryński
20%
Wittelsbachowie 1328 - 1347 Ludwik IV Bawarski
18%
Wittelsbachowie 1742 - 1745 Karol VII Bawarski
15%
Karolingowie i inne rody 896 - 899 Arnulf z Karyntii
14%
Karolingowie i inne rody 891 - 894 Gwido ze Spoleto
13%
Karolingowie i inne rody 915 - 924 Berengar I z Friulu
9%
Karolingowie i inne rody 894 - 898 Lambert ze Spoleto
9%
Karolingowie i inne rody 901 - 905 Ludwik III Ślepy
6%
Nie znaleziono quizów pasujących do podanych kryteriów
Rozkład punktacji
Procent ludzi z każdym wynikiem
Percentyl według liczby udzielonych odpowiedzi
Twoja historia wyników
Nie rozwiązałeś tego quizu